| 000 | 01387cam a22004098i 4500 | ||
|---|---|---|---|
| 999 |
_c5186 _d5186 |
||
| 001 | 22751598 | ||
| 003 | OSt | ||
| 005 | 20250825074855.0 | ||
| 008 | 220815s2024 nyu c 6 000 1 eng | ||
| 010 | _a 2022038629 | ||
| 020 | _a9780593570401 | ||
| 035 | _a22751598 | ||
| 040 |
_aDLC _beng _erda _cDLC _dDLC _dKH8 |
||
| 042 |
_apcc _acyac |
||
| 082 | _aFIC VEN | ||
| 100 | 1 |
_aVenable, Colleen A. F., _eauthor. |
|
| 245 | 1 | 4 |
_aThe purrfect plan / _cColleen AF Venable ; illustrated by Stephanie Yue with colors by Kelly Fitzpatrick. |
| 250 | _aFirst edition. | ||
| 263 | _a1111 | ||
| 264 | 1 |
_aNew York : _bRandom House Children's Books, _c[2024] |
|
| 300 |
_a211 cm : _bcolor illustration ; _c21 cm. |
||
| 336 |
_atext _btxt _2rdacontent |
||
| 336 |
_astill image _bsti _2rdacontent |
||
| 337 |
_aunmediated _bn _2rdamedia |
||
| 338 |
_avolume _bnc _2rdacarrier |
||
| 490 | 0 |
_aKatie the Catsitter ; _vbook 4 |
|
| 520 | _aKatie the Catsitter is now an official superhero and it is up to her and her friends to save the city from corruption. | ||
| 521 |
_aAges 8-12. _bRandom House Children's Books. |
||
| 650 | 1 |
_aPet sitting _vFiction. |
|
| 650 | 1 |
_aCats _vFiction. |
|
| 650 | 1 |
_aSuperheroes _vFiction. |
|
| 650 | 1 | _aGraphic novels. | |
| 655 | 7 |
_aSuperhero fiction. _2lcgft |
|
| 655 | 7 |
_aGraphic novels. _2lcgft |
|
| 700 | 1 |
_aYue, Stephanie, _eillustrator. |
|
| 942 |
_2ddc _cGN |
||